000
00335nam a2200133Ia 4500
008
240624s9999 xx 000 0 und d
041
_a
eng
082
_a
658.4012 JOH
100
_a
JARZABKOWSKI PAULA
245
_a
STRATEGY AS PRACTICE AN ACTIVITY BASED A
260
_c
2005
_b
Sage Publications
300
_a
216 : p.
365
_c
_b
28
999
_c
20930
_d
20930